Movies Quiz

Random Movies or Clickable Quiz
Score 0/20 Timer 06:00
4 Plays Today
% Correct
The Wizard of Oz
98.3%
Home Alone
98.3%
Cinderella
98%
The Breakfast Club
94.7%
The Ten Commandments
94.4%
Airplane!
94.3%
National Lampoon's Vacation
94.1%
Spartacus
93.7%
Gremlins
93.2%
The Blair Witch Project
93%
% Correct
Superman
92.6%
Psycho
90.5%
Goldfinger
90%
Cujo
89.8%
Indiana Jones and the Last Crusade
89.3%
Casablanca
89.1%
Jaws
88.9%
Blues Brothers
88.7%
Harry Potter and the Order of the Phoenix
84.6%
The Fugitive
84.4%
Remove Ads.
Support Sporcle.
Get the best of Sporcle when you Go Orange. This ad-free experience offers more features, more stats, and more fun while also helping to support Sporcle. Thank you for becoming a member.

You're not logged in!

Compare scores with friends on all Sporcle quizzes.
OR
Log In

Show Comments

Extras

Top Quizzes Today


Score Distribution

Your Account Isn't Verified!

In order to create a playlist on Sporcle, you need to verify the email address you used during registration. Go to your Sporcle Settings to finish the process.

Report this User

Report this user for behavior that violates our Community Guidelines.

Details: